Aktywnosc innowacyjna malych firm w Polsce.

Výsledky empirického výskumu uskutočneného dotazníkmi v r. 1985-1987, do ktorého bolo zapojených 71 priemyselných podnikov. Respondenti v odpovediach uviedli 300 nových výrobkov zavedených v období 5 rokov. Skúmala sa inovačná aktivita. Veľkosť podnikov a úroveň ich informácií. Šance rozvoja malých...

Descripción completa

Guardado en:
Detalles Bibliográficos
Autor principal: Jasinski, A.H
Formato: Capítulo de libro
Lenguaje:polaco
Materias:
Etiquetas: Agregar Etiqueta
Sin Etiquetas, Sea el primero en etiquetar este registro!

MARC

LEADER 00000naa a2200000 4500
001 r006445
005 20221125122400.1
041 0 |a pol 
044 |a PL 
245 1 0 |a Aktywnosc innowacyjna malych firm w Polsce.  |c A.H. Jasinski 
520 |a Výsledky empirického výskumu uskutočneného dotazníkmi v r. 1985-1987, do ktorého bolo zapojených 71 priemyselných podnikov. Respondenti v odpovediach uviedli 300 nových výrobkov zavedených v období 5 rokov. Skúmala sa inovačná aktivita. Veľkosť podnikov a úroveň ich informácií. Šance rozvoja malých inovačných podnikov typu FONT v Poľsku, čiže úspešných. 
610 2 0 |a podnik malý 
610 2 0 |a PR 
610 2 0 |a inovácia 
610 2 0 |a podnik priemyselný 
610 2 0 |a výskum ekonomický 
610 2 0 |a 1985-1987 
610 2 0 |a výrobky nové 
610 2 0 |a veľkosť podnikov 
100 1 |a Jasinski, A.H.